Normal view
MARC view
Entry Topical Term
001 - CONTROL NUMBER
- control field: 263578
003 - CONTROL NUMBER IDENTIFIER
- control field: OSt
005 - DATE AND TIME OF LATEST TRANSACTION
- control field: 20260507162538.0
008 - FIXED-LENGTH DATA ELEMENTS
- fixed length control field: 260507|| aca||aabn | a|a d
040 ## - CATALOGING SOURCE
- Original cataloging agency: OSt
- Transcribing agency: OSt
150 ## - HEADING--TOPICAL TERM
- Topical term or geographic name entry element: International Trade
670 ## - SOURCE DATA FOUND
- Source citation: Work cat.: (OSt)241413: P Subba Rao 263577, International business, 2026